[Event "V Festival A"]
[Site "Cesenatico ITA"]
[Date "2000.09.03"]
[Round "1"]
[White "Assmann, Thomas"]
[Black "Kowalczyk, Martin"]
[Result "1-0"]
[WhiteElo "2335"]
[BlackElo "2120"]
[PlyCount "93"]
[EventDate "2000.09.03"]

1.d4 Nf6 2.Nf3 c5 3.d5 e6 4.Nc3 d6 5.e4 exd5 6.Nxd5 Nxd5 7.Qxd5 Nc6 8.Bc4 
Be6 9.Qd3 Bxc4 10.Qxc4 Be7 11.Bf4 O-O 12.O-O Qa5 13.c3 b5 14.Qd5 Qb6 15.
Rad1 Rad8 16.Rfe1 h6 17.Qh5 Rfe8 18.Qg4 Kh7 19.Rd5 Bf8 20.Red1 Re6 21.Rh5 
Rg6 22.Qh3 Ne5 23.Bxe5 dxe5 24.Re1 Rd3 25.Rxe5 Qf6 26.Rf5 Qe6 27.Qh4 Bd6 
28.a3 b4 29.axb4 cxb4 30.cxb4 Bxb4 31.Rf1 Bd6 32.g3 Qb3 33.Qh5 Qxb2 34.
Rxf7 Qb6 35.Qf5 Rxf3 36.Qxf3 Kg8 37.Rf5 a5 38.e5 Bc5 39.Qe4 Re6 40.Rb1 Bb4
41.h4 Qa6 42.Qd5 Kh7 43.h5 Re7 44.Rf8 Qe6 45.Qe4+ g6 46.Rd1 Kg7 47.Rf6 1-0

[Event "V Festival A"]
[Site "Cesenatico ITA"]
[Date "2000.09.03"]
[Round "1"]
[White "Cadelli, Luciano"]
[Black "Molina, Fabrizio"]
[Result "1-0"]
[WhiteElo "2113"]
[BlackElo "2313"]
[PlyCount "55"]
[EventDate "2000.09.03"]

1.d4 e6 2.c4 d5 3.Nf3 c5 4.e3 Nf6 5.Nc3 Nc6 6.Bd3 a6 7.O-O dxc4 8.Bxc4 b5 
9.Bd3 Bb7 10.a3 Qc7 11.dxc5 Rd8 12.Qc2 Bxc5 13.Ne4 Be7 14.b4 Qd7 15.Be2 
Nxe4 16.Qxe4 Bf6 17.Ra2 O-O 18.Qg4 Qd5 19.Bb2 e5 20.Raa1 g6 21.Rab1 Bc8 
22.Qg3 Bf5 23.Rbc1 Rc8 24.Rfd1 Qa2 25.Rd2 Rcd8 26.Bxe5 Rxd2 27.Qh4 Qe6 28.
Ng5 1-0

[Event "V Festival A"]
[Site "Cesenatico ITA"]
[Date "2000.09.03"]
[Round "1"]
[White "Cocchi, Andrea"]
[Black "Andreazza, Attilio"]
[Result "1-0"]
[WhiteElo "2261"]
[BlackElo "2055"]
[PlyCount "65"]
[EventDate "2000.09.03"]

1.Nf3 Nf6 2.c4 c6 3.Nc3 d5 4.e3 g6 5.d4 Bg7 6.Be2 O-O 7.O-O Nbd7 8.b3 Re8 
9.Bb2 b6 10.Rc1 Bb7 11.cxd5 Nxd5 12.Qd2 Nxc3 13.Bxc3 e5 14.Qc2 Qe7 15.Rfd1
a6 16.dxe5 c5 17.Rd6 Nxe5 18.Rxb6 Nxf3+ 19.gxf3 Rab8 20.Bxg7 Qg5+ 21.Kh1 
Kxg7 22.Rd6 Qh5 23.e4 Re5 24.Qc3 Kg8 25.Rcd1 Qg5 26.Qd2 Qh5 27.Qf4 Rbe8 
28.Rd7 g5 29.Rg1 Bxe4 30.fxe4 Qg6 31.Qf3 f6 32.Bc4+ Kh8 33.Bf7 1-0

[Event "V Festival A"]
[Site "Cesenatico ITA"]
[Date "2000.09.03"]
[Round "1"]
[White "Collutiis, Duilio"]
[Black "Ori, Marco"]
[Result "1-0"]
[WhiteElo "2286"]
[BlackElo "2060"]
[PlyCount "77"]
[EventDate "2000.09.03"]

1.e4 c6 2.d4 d5 3.e5 Bf5 4.Nf3 e6 5.a3 Nd7 6.Be2 Ne7 7.O-O c5 8.dxc5 Nxc5 
9.b4 Nd7 10.Nbd2 Nc6 11.Bb2 a6 12.c4 Nb6 13.c5 Nd7 14.Nd4 Nxd4 15.Bxd4 Be7
16.f4 Bg6 17.Rc1 Nb8 18.Nb3 Nc6 19.Qd2 O-O 20.a4 Qc7 21.Kh1 Rfc8 22.Bb2 
Qd8 23.Ra1 Qe8 24.b5 axb5 25.axb5 Na7 26.b6 Nc6 27.Bb5 Rxa1 28.Rxa1 Qf8 
29.Bxc6 Rxc6 30.Bd4 Rc8 31.Ra7 Rb8 32.Qc3 Qe8 33.c6 bxc6 34.Bc5 Bxc5 35.
Qxc5 h5 36.Nd4 Qd8 37.b7 Be4 38.Nxc6 Qc7 39.Ne7+ 1-0

[Event "V Festival A"]
[Site "Cesenatico ITA"]
[Date "2000.09.03"]
[Round "1"]
[White "Di Lao, Riccardo"]
[Black "Farago, Ivan"]
[Result "0-1"]
[WhiteElo "2138"]
[BlackElo "2486"]
[PlyCount "96"]
[EventDate "2000.09.03"]

1.d4 Nf6 2.c4 e6 3.g3 c5 4.d5 exd5 5.cxd5 d6 6.Bg2 g6 7.b3 Bg7 8.Bb2 O-O 
9.Nf3 Na6 10.Nfd2 Nb4 11.O-O Rb8 12.e4 b5 13.Bc3 Re8 14.a3 Nd3 15.Qc2 Ne5 
16.Nf3 Nxf3+ 17.Bxf3 Bh3 18.Rd1 Ng4 19.Nd2 Qg5 20.Re1 Bxc3 21.Qxc3 Qe5 22.
Qd3 f5 23.Rab1 Nf6 24.Bh1 fxe4 25.Nxe4 Nxe4 26.Bxe4 a6 27.f4 Qf6 28.Rbc1 
Re7 29.Bg2 Bf5 30.Qd2 Rbe8 31.Rxe7 Qxe7 32.Kf2 Qa7 33.Kf1 Qc7 34.Bf3 Qc8 
35.Kf2 Re7 36.Rc3 Kf7 37.Qd1 Qh8 38.Qd2 Qf6 39.h4 h5 40.Rc2 Rc7 41.Qc3 c4 
42.bxc4 Rxc4 43.Qxf6+ Kxf6 44.Rxc4 bxc4 45.Ke3 c3 46.Be2 a5 47.Bd1 c2 48.
Bxc2 Bxc2 0-1

[Event "V Festival A"]
[Site "Cesenatico ITA"]
[Date "2000.09.03"]
[Round "1"]
[White "Drazic, Sinisa"]
[Black "Cecchetto, Vanni"]
[Result "1-0"]
[WhiteElo "2508"]
[BlackElo "2139"]
[PlyCount "52"]
[EventDate "2000.09.03"]

1.d4 d5 2.Nf3 Nf6 3.Bf4 e6 4.e3 c6 5.c4 Bb4+ 6.Nbd2 O-O 7.a3 Be7 8.h3 b6 
9.Rc1 Bb7 10.Bd3 Nbd7 11.O-O Rc8 12.b4 c5 13.dxc5 bxc5 14.b5 d4 15.e4 Nh5 
16.Bh2 g6 17.e5 Ng7 18.g4 f5 19.exf6 Nxf6 20.Qe2 Bd6 21.Bxd6 Qxd6 22.Ne5 
Nd7 23.f4 Nxe5 24.fxe5 Qe7 25.Be4 Rxf1+ 26.Rxf1 Rf8 1-0

[Event "V Festival A"]
[Site "Cesenatico ITA"]
[Date "2000.09.03"]
[Round "1"]
[White "Gaiba, Paolo"]
[Black "Di Lazzaro, Gabriele"]
[Result "1/2-1/2"]
[WhiteElo "2163"]
[BlackElo "1959"]
[PlyCount "85"]
[EventDate "2000.09.03"]

1.e4 c5 2.d4 cxd4 3.c3 g6 4.cxd4 d5 5.e5 Bg7 6.Nc3 Nh6 7.Qb3 e6 8.Nf3 O-O 
9.Bd3 Nc6 10.Bg5 Nxd4 11.Bxd8 Nxb3 12.axb3 Rxd8 13.O-O Bd7 14.Rfe1 a6 15.
Nd4 Rdc8 16.h3 Kf8 17.g4 Ng8 18.f4 Ne7 19.Kf2 Nc6 20.Ke3 Bh6 21.g5 Bg7 22.
h4 Ke8 23.h5 Bf8 24.Nce2 Bc5 25.Rh1 Nb4 26.hxg6 hxg6 27.Rh7 Nxd3 28.Kxd3 
Ke7 29.Rah1 Rg8 30.R1h6 Bb5+ 31.Kd2 Bxd4 32.Nxd4 Bd7 33.Nf3 Kf8 34.Nh2 Be8
35.Ng4 Rg7 36.Ke3 Rxh7 37.Rxh7 Rd8 38.Kd4 Ke7 39.Nh6 Rc8 40.Ng8+ Kf8 41.
Nf6 Ke7 42.Ng8+ Kf8 43.Nf6 1/2-1/2

[Event "V Festival A"]
[Site "Cesenatico ITA"]
[Date "2000.09.03"]
[Round "1"]
[White "Gori, Andrea"]
[Black "Philippe, Denis"]
[Result "1-0"]
[WhiteElo "2201"]
[BlackElo "2028"]
[PlyCount "91"]
[EventDate "2000.09.03"]

1.e4 c6 2.c4 d5 3.cxd5 cxd5 4.exd5 Nf6 5.Bb5+ Nbd7 6.Nc3 g6 7.d4 Bg7 8.d6 
O-O 9.dxe7 Qxe7+ 10.Nge2 a6 11.Bd3 b5 12.a3 Bb7 13.O-O Rfe8 14.h3 Nb6 15.
Re1 Rac8 16.Be3 Qd7 17.Ng3 Nc4 18.Bxc4 Rxc4 19.Qd3 Nd5 20.Nxd5 Qxd5 21.Qf1
Rc2 22.Rab1 Qb3 23.Re2 Rec8 24.Qd1 Qd5 25.f3 R8c4 26.Rd2 Rc8 27.Bf2 Qg5 
28.d5 Rd8 29.b3 Rcc8 30.Ne4 Qf5 31.g4 Qf4 32.Bg3 Qe3+ 33.Bf2 Qf4 34.Kg2 f5
35.Bg3 Qe3 36.Nd6 Rxd6 37.Bxd6 fxg4 38.hxg4 Rc3 39.Bg3 Bh6 40.Rf2 Bc8 41.
d6 Rd3 42.Qe2 Bd7 43.Qxe3 Rxe3 44.Rc2 Kf8 45.Rc7 Ke8 46.Re1 1-0

[Event "V Festival A"]
[Site "Cesenatico ITA"]
[Date "2000.09.03"]
[Round "1"]
[White "Jasnig, Stelio"]
[Black "Voltolini, Giuseppe"]
[Result "0-1"]
[WhiteElo "2056"]
[BlackElo "2279"]
[PlyCount "58"]
[EventDate "2000.09.03"]

1.d4 Nf6 2.Nf3 g6 3.c3 d6 4.h3 Bg7 5.Bf4 O-O 6.Nbd2 Nc6 7.e4 Nh5 8.Bh2 e5 
9.dxe5 dxe5 10.Be2 Qe7 11.Qc2 a6 12.Nc4 Nf4 13.Bxf4 exf4 14.O-O Re8 15.Bd3
g5 16.Nh2 b5 17.Nd2 Bb7 18.Rfe1 h6 19.a3 Ne5 20.Bf1 c5 21.f3 c4 22.Rad1 h5
23.Nb1 Bf8 24.Kh1 Qf6 25.Be2 Bc5 26.Rd4 Kg7 27.Red1 Rh8 28.b4 cxb3 29.Qxb3
Qe7 0-1

[Event "V Festival A"]
[Site "Cesenatico ITA"]
[Date "2000.09.03"]
[Round "1"]
[White "Lucchi, Vinicio"]
[Black "Naumkin, Igor"]
[Result "1-0"]
[WhiteElo "2135"]
[BlackElo "2440"]
[PlyCount "61"]
[EventDate "2000.09.03"]

1.d4 e6 2.c4 f5 3.Nf3 Nf6 4.Nc3 Bb4 5.Qc2 O-O 6.e3 b6 7.Be2 Ne4 8.O-O Bxc3
9.bxc3 Bb7 10.Ne1 d6 11.f3 Ng5 12.Qd2 Nf7 13.Ba3 c5 14.Rd1 Qe7 15.Bd3 Nc6 
16.e4 fxe4 17.fxe4 Na5 18.Qe2 Rac8 19.Nc2 Ba6 20.Ne3 Qd7 21.Rf3 cxd4 22.
cxd4 Qa4 23.Rg3 Qxa3 24.Qg4 g6 25.Qxe6 Rfe8 26.Rxg6+ Kf8 27.Qf6 hxg6 28.
Rf1 Re7 29.Nd5 Kg8 30.Qxg6+ Kh8 31.Nf6 1-0

[Event "V Festival A"]
[Site "Cesenatico ITA"]
[Date "2000.09.03"]
[Round "1"]
[White "Perich, Stefano"]
[Black "Costantini, Roberto"]
[Result "0-1"]
[WhiteElo "2043"]
[BlackElo "2233"]
[PlyCount "56"]
[EventDate "2000.09.03"]

1.Nf3 Nf6 2.d4 d5 3.c4 e6 4.Nc3 Be7 5.e3 O-O 6.Bd3 b6 7.O-O Bb7 8.cxd5 
exd5 9.Ne5 Ne4 10.Qc2 Nf6 11.Bd2 c5 12.b3 Nc6 13.Nxc6 Bxc6 14.Rfd1 Rc8 15.
dxc5 bxc5 16.Be2 Qc7 17.Bf3 Rfe8 18.Bc1 Rcd8 19.Ne2 Bd6 20.g3 Ne4 21.Bb2 
d4 22.exd4 Nxg3 23.d5 Nxe2+ 24.Bxe2 Bxh2+ 25.Kf1 Rxd5 26.Rxd5 Bxd5 27.Rd1 
Qc6 28.Rd3 Qg6 0-1

[Event "V Festival A"]
[Site "Cesenatico ITA"]
[Date "2000.09.03"]
[Round "1"]
[White "Schuetzhold, Frank"]
[Black "Inkiov, Ventzislav V."]
[Result "0-1"]
[WhiteElo "2128"]
[BlackElo "2416"]
[PlyCount "42"]
[EventDate "2000.09.03"]

1.b3 e5 2.Bb2 Nc6 3.c4 Nf6 4.e3 d5 5.cxd5 Nxd5 6.a3 Bd6 7.Qc2 O-O 8.Nf3 
Qe7 9.Nc3 Be6 10.Bc4 Nxc3 11.Qxc3 Rae8 12.Bxe6 Qxe6 13.O-O Qh6 14.g3 e4 
15.Ne1 Be5 16.Qc2 Bxb2 17.Qxb2 Ne5 18.f3 f5 19.Rf2 exf3 20.Rf1 f4 21.gxf4 
Nd3 0-1

[Event "V Festival A"]
[Site "Cesenatico ITA"]
[Date "2000.09.03"]
[Round "1"]
[White "Skembris, Spyridon"]
[Black "Casadei, Mauro"]
[Result "1-0"]
[WhiteElo "2475"]
[BlackElo "2137"]
[PlyCount "120"]
[EventDate "2000.09.03"]

1.d4 d5 2.c4 e6 3.Nf3 c5 4.cxd5 exd5 5.Nc3 Nc6 6.g3 Nf6 7.Bg2 Be7 8.O-O 
O-O 9.Bg5 cxd4 10.Nxd4 h6 11.Be3 Re8 12.Qa4 Bd7 13.Nxd5 Nxd5 14.Bxd5 Na5 
15.Qd1 Bh3 16.Bg2 Bxg2 17.Kxg2 Nc4 18.Nf5 Bf6 19.Rc1 Nxb2 20.Qb3 Qd7 21.
Rc5 b6 22.Rd5 Qe6 23.Bd4 Rad8 24.Rxd8 Rxd8 25.Nxh6+ Kh7 26.Bxf6 gxf6 27.
Qxb2 Kxh6 28.Rc1 Kg7 29.Qc2 Re8 30.e3 Qd5+ 31.Kg1 Rd8 32.Qe2 Qe4 33.h3 Rd5
34.Qg4+ Qxg4 35.hxg4 Ra5 36.Rc2 Ra4 37.f4 b5 38.Kf2 a5 39.Rb2 b4 40.Kf3 
Ra3 41.Rc2 Ra4 42.Re2 Ra3 43.Rc2 Ra4 44.f5 Kg8 45.e4 Ra3+ 46.Kf4 Rd3 47.
Rc5 Ra3 48.g5 fxg5+ 49.Kxg5 Rxg3+ 50.Kf6 Rc3 51.Rxa5 Rc6+ 52.Kg5 Kg7 53.e5
Rc2 54.Ra7 Rg2+ 55.Kf4 Kg8 56.Ra8+ Kh7 57.Ra7 Kg8 58.f6 Rf2+ 59.Ke3 Rb2 
60.Ra8+ Kh7 1-0

[Event "V Festival A"]
[Site "Cesenatico ITA"]
[Date "2000.09.03"]
[Round "1"]
[White "Tomescu, Vlad"]
[Black "Adinolfi, Vincenzo"]
[Result "1-0"]
[WhiteElo "2432"]
[BlackElo "2132"]
[PlyCount "151"]
[EventDate "2000.09.03"]

1.e4 c5 2.Nf3 Nc6 3.d4 cxd4 4.Nxd4 g6 5.Nb3 d6 6.Be2 Be6 7.Nc3 Nf6 8.O-O 
Bg7 9.Bg5 O-O 10.Kh1 Rc8 11.f4 Na5 12.f5 Bc4 13.Bd3 Nxb3 14.axb3 Bxd3 15.
Qxd3 a6 16.Qd2 Rxc3 17.Bxf6 Rc5 18.Bxg7 Kxg7 19.Rae1 Qc8 20.c3 f6 21.Re3 
Re5 22.Rfe1 Rh8 23.Rh3 g5 24.Rd3 Rc5 25.Rd5 h5 26.Qe3 Rc6 27.Red1 h4 28.
R1d3 Kh6 29.Qd2 Qc7 30.g3 hxg3 31.hxg3 Qb6 32.Kg2 Qxb3 33.e5 Qa4 34.R3d4 
Qa1 35.exf6 exf6 36.Rxd6 Rxd6 37.Rxd6 Rf8 38.g4 Qa4 39.Kg3 Rf7 40.Rd8 Kg7 
41.Rd4 Qa5 42.Rd7 Qc5 43.Kf3 Qb5 44.Rxf7+ Kxf7 45.Qd6 Qf1+ 46.Ke4 Qg2+ 47.
Kd3 Qf3+ 48.Kc2 Qe2+ 49.Kb3 Qb5+ 50.Ka2 Qa4+ 51.Kb1 Qe4+ 52.Kc1 Qe1+ 53.
Kc2 Qe2+ 54.Kb3 Qb5+ 55.Qb4 Qd7 56.Qe4 Qd1+ 57.Ka2 Qd7 58.Ka3 Qd6+ 59.b4 
Qd7 60.c4 Qc7 61.Qe6+ Kg7 62.c5 a5 63.Ka4 axb4 64.Kxb4 Qd8 65.Kb5 Kf8 66.
Kc4 Kg7 67.Qd5 Qc7 68.Kb5 Kf8 69.Qe4 Qf7 70.Kb6 Qb3+ 71.Kc7 Qc3 72.Kd6 Qb2
73.Qd5 b5 74.c6 Qa3+ 75.Qc5 b4 76.c7 1-0

[Event "V Festival A"]
[Site "Cesenatico ITA"]
[Date "2000.09.03"]
[Round "1"]
[White "Wittstock, Bjoern"]
[Black "Emami, Madjid"]
[Result "1/2-1/2"]
[WhiteElo "2123"]
[BlackElo "2171"]
[PlyCount "85"]
[EventDate "2000.09.03"]

1.Nf3 g6 2.c4 Bg7 3.d4 d6 4.Nc3 c6 5.e4 Qc7 6.Be3 Nd7 7.Qc2 e5 8.dxe5 dxe5
9.c5 Nh6 10.Rd1 Ng4 11.b4 Nxe3 12.fxe3 O-O 13.Bc4 a5 14.a3 axb4 15.axb4 b6
16.Ng5 Nf6 17.O-O h6 18.Nxf7 Rxf7 19.Rd6 Kf8 20.Qf2 bxc5 21.bxc5 Qe7 22.
Bxf7 Kxf7 23.Rxc6 Be6 24.Nd5 Bxd5 25.exd5 e4 26.Qf4 g5 27.Qc7 Qxc7 28.
Rxc7+ Kg8 29.Rd1 Ng4 30.d6 Be5 31.Re7 Bxh2+ 32.Kh1 Bxd6 33.cxd6 Nf2+ 34.
Kh2 Nxd1 35.Rxe4 Rd8 36.Re6 Kg7 37.e4 Nf2 38.e5 h5 39.Re7+ Kf8 40.Rh7 Kg8 
41.Rxh5 Kf7 42.Rh7+ Kg6 43.Re7 1/2-1/2

[Event "V Festival A"]
[Site "Cesenatico ITA"]
[Date "2000.09.04"]
[Round "2"]
[White "Bertagnolli, Alexander"]
[Black "Ori, Marco"]
[Result "1-0"]
[WhiteElo "2196"]
[BlackElo "2060"]
[PlyCount "65"]
[EventDate "2000.09.03"]

1.e4 c6 2.d4 d5 3.exd5 cxd5 4.c4 Nf6 5.Nc3 e6 6.Nf3 Bb4 7.Bd3 dxc4 8.Bxc4 
O-O 9.O-O b6 10.Qd3 Bb7 11.Bg5 Nbd7 12.a3 Bxc3 13.bxc3 h6 14.Bh4 Rc8 15.
Nd2 Qc7 16.Rac1 Nh5 17.Ba2 Bxg2 18.Bb1 g6 19.Rfe1 Ba8 20.Qe3 Kg7 21.Ne4 
Qc6 22.f3 b5 23.a4 bxa4 24.c4 Rb8 25.Rc3 Rb2 26.Be7 Rfb8 27.Bc2 a5 28.Bd6 
R8b4 29.Qc1 a3 30.Bd3 R4b3 31.Bxa3 Rxc3 32.Qxc3 Rb8 33.d5+ 1-0

[Event "V Festival A"]
[Site "Cesenatico ITA"]
[Date "2000.09.04"]
[Round "2"]
[White "Cadelli, Luciano"]
[Black "Collutiis, Duilio"]
[Result "0-1"]
[WhiteElo "2113"]
[BlackElo "2286"]
[PlyCount "70"]
[EventDate "2000.09.03"]

1.d4 Nf6 2.c4 g6 3.Nc3 Bg7 4.e4 d6 5.Be2 O-O 6.Bg5 Na6 7.Qd2 c6 8.Bh6 e5 
9.Bxg7 Kxg7 10.Nf3 Qe7 11.dxe5 dxe5 12.Rd1 Bg4 13.O-O Nc5 14.Qe3 Bxf3 15.
Bxf3 Ne6 16.a3 a5 17.Ne2 Rfd8 18.g3 Qc5 19.Qxc5 Nxc5 20.Nc3 Nb3 21.Rfe1 
Nd2 22.Be2 Ndxe4 23.Na4 Rd4 24.f3 Nd2 25.Nc5 b6 26.Na4 b5 27.cxb5 cxb5 28.
Nc3 b4 29.Nb5 Rd7 30.Kf2 e4 31.Ke3 exf3 32.Bxf3 Rad8 33.Bc6 Nc4+ 34.Ke2 
Rd2+ 35.Rxd2 Rxd2+ 0-1

[Event "V Festival A"]
[Site "Cesenatico ITA"]
[Date "2000.09.04"]
[Round "2"]
[White "Casadei, Mauro"]
[Black "Perich, Stefano"]
[Result "1-0"]
[WhiteElo "2137"]
[BlackElo "2043"]
[PlyCount "93"]
[EventDate "2000.09.03"]

1.d4 Nf6 2.c4 e6 3.g3 d5 4.Bg2 c6 5.Qc2 Bd6 6.Nf3 Nbd7 7.O-O O-O 8.Nbd2 
Re8 9.b3 Qe7 10.Bb2 Ba3 11.Bxa3 Qxa3 12.e4 dxe4 13.Nxe4 Nxe4 14.Qxe4 Nf6 
15.Qc2 Qd6 16.c5 Qc7 17.Ne5 Nd5 18.Be4 f5 19.Bg2 Bd7 20.Nc4 Rf8 21.Nd6 b5 
22.Bxd5 cxd5 23.f4 a5 24.a3 Ra6 25.Qe2 Qc6 26.Rfe1 Raa8 27.Ra2 Rf6 28.Qe5 
Raf8 29.Qe2 Rh6 30.Qd2 Ra8 31.Qd3 Rf6 32.Kh1 Raf8 33.Qc3 Ra8 34.Rg1 Ra6 
35.Rag2 h5 36.h3 Be8 37.Qd3 Qd7 38.a4 Rxd6 39.cxd6 Qxd6 40.Rc2 bxa4 41.
bxa4 Bxa4 42.Rc5 h4 43.Rxa5 Be8 44.Ra8 Rf8 45.Ra7 hxg3 46.Qxg3 g6 47.Qh4 
1-0

[Event "V Festival A"]
[Site "Cesenatico ITA"]
[Date "2000.09.04"]
[Round "2"]
[White "Cecchetto, Vanni"]
[Black "Jasnig, Stelio"]
[Result "0-1"]
[WhiteElo "2139"]
[BlackElo "2056"]
[PlyCount "176"]
[EventDate "2000.09.03"]

1.e4 e6 2.d4 b6 3.g3 d5 4.Nd2 Bb7 5.exd5 Bxd5 6.Ngf3 Nf6 7.Bg2 Be7 8.O-O 
O-O 9.c4 Bb7 10.b3 c5 11.Bb2 Nc6 12.dxc5 Bxc5 13.Qe2 Be7 14.Rad1 Qc7 15.
Ng5 Nd8 16.Nge4 Nxe4 17.Nxe4 f5 18.Nd2 Bxg2 19.Kxg2 Bf6 20.Ba3 Re8 21.Nf3 
Nf7 22.Nd4 Rad8 23.Nc2 Ng5 24.Rxd8 Rxd8 25.h4 Qc6+ 26.f3 Nf7 27.Re1 Re8 
28.Nb4 Qc8 29.Nd5 Bd8 30.Qd2 Qc6 31.Nf4 e5 32.Nd5 g6 33.Qc3 b5 34.Nb4 Qb7 
35.c5 a5 36.c6 Qc8 37.Nd5 b4 38.Nxb4 axb4 39.Bxb4 Bc7 40.Bc5 Qe6 41.Bf2 
Nd6 42.a4 Qd5 43.b4 e4 44.b5 Nc8 45.Qe3 Ba5 46.Rf1 Qa2 47.fxe4 Rxe4 48.Qd3
Qe6 49.Rd1 Rxa4 50.Qd7 Re4 51.b6 Bxb6 52.Bxb6 Ne7 53.Rc1 Re2+ 54.Bf2 Qa2 
55.Qd8+ Kf7 56.Qd4 Rc2 57.Re1 Qd5+ 58.Qxd5+ Nxd5 59.Re5 Ne7 60.Kf3 Rxc6 
61.Kf4 Rc4+ 62.Ke3 Nc6 63.Rb5 Re4+ 64.Kd3 h6 65.Rb7+ Re7 66.Rb6 Ne5+ 67.
Kd4 Ng4 68.Bg1 Re1 69.Rb7+ Ke8 70.Rb6 Rxg1 71.Rxg6 Rxg3 72.Rg8+ Kf7 73.Ra8
Kg6 74.Ra6+ Kh5 75.Rb6 Kxh4 76.Rb5 Kg5 77.Rb8 h5 78.Rg8+ Kh4 79.Rf8 Rf3 
80.Rh8 f4 81.Ke4 Rf1 82.Rf8 Kg3 83.Rg8 h4 84.Kf5 h3 85.Rxg4+ Kf2 86.Kxf4 
h2 87.Rh4 h1=Q 88.Rxh1 Rxh1 0-1

[Event "V Festival A"]
[Site "Cesenatico ITA"]
[Date "2000.09.04"]
[Round "2"]
[White "Costantini, Roberto"]
[Black "Skembris, Spyridon"]
[Result "1-0"]
[WhiteElo "2233"]
[BlackElo "2475"]
[PlyCount "142"]
[EventDate "2000.09.03"]

1.e4 e5 2.Nf3 Nc6 3.d4 exd4 4.Nxd4 Bc5 5.Nxc6 Qf6 6.Qd2 dxc6 7.Nc3 Be6 8.
Na4 Rd8 9.Bd3 Bd4 10.O-O Ne7 11.c3 Bb6 12.Nxb6 axb6 13.Qe2 Qg6 14.Bc2 O-O 
15.Bf4 Rc8 16.Rfe1 Rfe8 17.Qf3 b5 18.Qg3 Qxg3 19.Bxg3 c5 20.f4 f6 21.f5 
Bf7 22.e5 fxe5 23.Rxe5 Nc6 24.Rxc5 Re2 25.Bd3 Rxb2 26.Rxb5 Rxb5 27.Bxb5 
Ne7 28.Rd1 c6 29.Bd3 Nd5 30.Be5 b5 31.Re1 Ra8 32.Bb1 Ra3 33.Rc1 Ne3 34.Bd4
Nc4 35.Rd1 Bd5 36.Re1 Nd2 37.Bd3 Rxa2 38.Re7 Nb3 39.Rxg7+ Kf8 40.Be5 Nc1 
41.Bf1 Ne2+ 42.Bxe2 Rxe2 43.Bf6 h5 44.h3 c5 45.g4 hxg4 46.hxg4 Be4 47.Kf1 
Ra2 48.Be5 Rd2 49.Rc7 b4 50.cxb4 cxb4 51.f6 Rd5 52.Bf4 Bg6 53.Bh6+ Ke8 54.
Re7+ Kd8 55.f7 Bxf7 56.Rxf7 Rb5 57.Rf2 b3 58.Rb2 Rb4 59.g5 Rb6 60.Ke2 Ke8 
61.Kd3 Kf7 62.Kc4 Rc6+ 63.Kxb3 Kg6 64.Rc2 Rb6+ 65.Kc4 Rc6+ 66.Kd3 Rb6 67.
Kd4 Re6 68.Kd5 Re1 69.Rc4 Kh5 70.Rc6 Rd1+ 71.Ke5 Rf1 1-0

[Event "V Festival A"]
[Site "Cesenatico ITA"]
[Date "2000.09.04"]
[Round "2"]
[White "Emami, Madjid"]
[Black "Gaiba, Paolo"]
[Result "1-0"]
[WhiteElo "2171"]
[BlackElo "2163"]
[PlyCount "49"]
[EventDate "2000.09.03"]

1.Nf3 b6 2.e4 Bb7 3.Nc3 e6 4.a3 Nf6 5.e5 Ng8 6.d4 Ne7 7.Bd3 Ng6 8.Ne4 Be7 
9.O-O O-O 10.Re1 d6 11.h4 dxe5 12.dxe5 Nd7 13.Neg5 Nc5 14.Bxg6 hxg6 15.b4 
Na4 16.Qe2 Nc3 17.Qc4 Nd5 18.Qg4 Qe8 19.h5 Bxg5 20.Nxg5 f5 21.exf6 gxh5 
22.Qe4 g6 23.f7+ Rxf7 24.Nxf7 Kxf7 25.c4 1-0

[Event "V Festival A"]
[Site "Cesenatico ITA"]
[Date "2000.09.04"]
[Round "2"]
[White "Grigore, George-Gabriel"]
[Black "Cocchi, Andrea"]
[Result "1-0"]
[WhiteElo "2508"]
[BlackElo "2261"]
[PlyCount "91"]
[EventDate "2000.09.03"]

1.d4 Nf6 2.c4 d6 3.Nf3 Nbd7 4.Nc3 e5 5.e4 Be7 6.Be2 O-O 7.O-O c6 8.Re1 Qc7
9.Bf1 Re8 10.Be3 Bf8 11.d5 Nc5 12.Bg5 Be7 13.b4 Ncd7 14.Rc1 a5 15.dxc6 
bxc6 16.b5 Nc5 17.bxc6 Qxc6 18.Nd5 Bd8 19.Bxf6 Bxf6 20.Nxf6+ gxf6 21.Nh4 
Kf8 22.Qh5 Rb8 23.Qxh7 Be6 24.Rc3 Ke7 25.Rg3 Rb2 26.Rg7 Qb6 27.Nf5+ Kd8 
28.Qh4 Nd7 29.Nh6 Rxa2 30.Nxf7+ Kc7 31.Rd1 Re7 32.Nxd6 Qb3 33.Nb5+ Kb7 34.
Rxe7 Qxd1 35.Nc3 Qd6 36.Rxe6 Qxe6 37.Nxa2 a4 38.Qg3 Qd6 39.Qd3 Qc6 40.h4 
Nc5 41.Qb1+ Qb6 42.Qxb6+ Kxb6 43.h5 Nxe4 44.Bd3 Ng5 45.Bg6 Kc5 46.h6 1-0

[Event "V Festival A"]
[Site "Cesenatico ITA"]
[Date "2000.09.04"]
[Round "2"]
[White "Inkiov, Ventzislav V."]
[Black "Guanciale, Orazio"]
[Result "1/2-1/2"]
[WhiteElo "2416"]
[BlackElo "2183"]
[PlyCount "90"]
[EventDate "2000.09.03"]

1.d4 f5 2.Nf3 Nf6 3.g3 g6 4.Bg2 Bg7 5.b3 O-O 6.O-O d6 7.Bb2 Qe8 8.Nbd2 Nc6
9.Nc4 h6 10.a3 g5 11.d5 Nd8 12.Nd4 f4 13.e3 Bg4 14.Qd3 Qh5 15.exf4 gxf4 
16.Rfe1 Nxd5 17.Bxd5+ Qxd5 18.Rxe7 Rf7 19.Re8+ Rf8 20.Rae1 Bh3 21.Rxf8+ 
Kxf8 22.Re4 Be5 23.Nxe5 dxe5 24.Nf3 Qxd3 25.cxd3 fxg3 26.hxg3 Nf7 27.Nxe5 
Nxe5 28.Bxe5 Rd8 29.d4 c5 30.dxc5 Rd1+ 31.Kh2 Be6 32.g4 Bxb3 33.Bd6+ Kg8 
34.Re8+ Kf7 35.Re7+ Kf6 36.Rxb7 Bd5 37.Rxa7 Kg5 38.Rg7+ Kf6 39.Bf8 Ke5 40.
Rg6 Rh1+ 41.Kg3 Rg1+ 42.Kh3 Rh1+ 43.Kg3 Rg1+ 44.Kh3 Rh1+ 45.Kg3 Rg1+ 
1/2-1/2

[Event "V Festival A"]
[Site "Cesenatico ITA"]
[Date "2000.09.04"]
[Round "2"]
[White "Lucchi, Vinicio"]
[Black "Assmann, Thomas"]
[Result "0-1"]
[WhiteElo "2135"]
[BlackElo "2335"]
[PlyCount "68"]
[EventDate "2000.09.03"]

1.d4 Nf6 2.c4 e6 3.Nc3 Bb4 4.e3 O-O 5.a3 Bxc3+ 6.bxc3 c5 7.Bd3 Nc6 8.Ne2 
b6 9.e4 Ne8 10.O-O Ba6 11.f4 f5 12.Ng3 g6 13.Be3 Nd6 14.dxc5 Nxc4 15.Bxc4 
Bxc4 16.Rf2 b5 17.Rd2 Rf7 18.Rd6 Qc7 19.Qd2 Na5 20.Qd4 Re8 21.Rd1 e5 22.
Qd2 Nb3 23.Qf2 fxe4 24.Nxe4 exf4 25.Bxf4 Rxe4 26.Rxg6+ hxg6 27.Bxc7 Rxf2 
28.Kxf2 Nxc5 29.Rd6 Re6 30.Rd4 Ne4+ 31.Kf3 d5 32.Ba5 Rf6+ 33.Kg4 Be2+ 34.
Kh3 g5 0-1

[Event "V Festival A"]
[Site "Cesenatico ITA"]
[Date "2000.09.04"]
[Round "2"]
[White "Molina, Fabrizio"]
[Black "Kowalczyk, Martin"]
[Result "1-0"]
[WhiteElo "2313"]
[BlackElo "2120"]
[PlyCount "67"]
[EventDate "2000.09.03"]

1.c4 Nf6 2.Nc3 c5 3.g3 Nc6 4.Bg2 g6 5.e4 d6 6.Nge2 Bg7 7.O-O O-O 8.d3 Rb8 
9.Rb1 a6 10.a3 b5 11.cxb5 axb5 12.b4 cxb4 13.axb4 Bd7 14.h3 Qc8 15.Kh2 Nh5
16.Qb3 Be6 17.Nd5 Nf6 18.Bb2 Bxd5 19.exd5 Ne5 20.f4 Ned7 21.Nd4 Re8 22.
Rfe1 Nb6 23.Re2 Na4 24.Ba1 Qa6 25.Nc6 Rb7 26.Rbe1 Kf8 27.Bd4 Qa8 28.Qa2 
Ng8 29.Bxg7+ Kxg7 30.Qa1+ Kf8 31.Qh8 h5 32.Nd4 Qc8 33.Re6 Qc3 34.Rxg6 1-0

[Event "V Festival A"]
[Site "Cesenatico ITA"]
[Date "2000.09.04"]
[Round "2"]
[White "Naumkin, Igor"]
[Black "Ragonese, Lucio Rosario"]
[Result "1-0"]
[WhiteElo "2440"]
[BlackElo "2026"]
[PlyCount "81"]
[EventDate "2000.09.03"]

1.d4 f5 2.g3 Nf6 3.Bg2 g6 4.c4 Bg7 5.Nc3 O-O 6.Nh3 d6 7.d5 c6 8.Nf4 Re8 9.
h4 e5 10.dxe6 Bxe6 11.h5 Bf7 12.hxg6 hxg6 13.b3 Ng4 14.Bb2 Qb6 15.O-O Be5 
16.Qd2 Nd7 17.e4 Ndf6 18.exf5 gxf5 19.Rad1 Rad8 20.Rfe1 Kg7 21.Na4 Qc7 22.
Nh3 Nh7 23.Bf3 Bxb2 24.Qxb2+ Nhf6 25.Bxg4 fxg4 26.Nf4 Qa5 27.Nc3 Qf5 28.
Rxe8 Rxe8 29.Nce2 Qe5 30.Qc2 d5 31.Nd4 Ne4 32.cxd5 Bxd5 33.Qb2 Kf7 34.Nxd5
Qxd5 35.Qc1 Kg6 36.Nf3 Qc5 37.Nh4+ Kh5 38.Qf4 Ng5 39.Qf6 Nf3+ 40.Nxf3 gxf3
41.Qf7+ 1-0

[Event "V Festival A"]
[Site "Cesenatico ITA"]
[Date "2000.09.04"]
[Round "2"]
[White "Philippe, Denis"]
[Black "Di Lao, Riccardo"]
[Result "1/2-1/2"]
[WhiteElo "2028"]
[BlackElo "2138"]
[PlyCount "33"]
[EventDate "2000.09.03"]

1.d4 d5 2.Nf3 Nf6 3.e3 Bf5 4.c4 e6 5.Qb3 Qc8 6.Bd2 Be7 7.Nc3 c6 8.Rc1 O-O 
9.Be2 h6 10.O-O Nbd7 11.Rfd1 g5 12.Be1 Bd6 13.cxd5 exd5 14.Nb5 Be7 15.Bb4 
Qd8 16.Nd6 Bxd6 17.Bxd6 1/2-1/2

[Event "V Festival A"]
[Site "Cesenatico ITA"]
[Date "2000.09.04"]
[Round "2"]
[White "Voltolini, Giuseppe"]
[Black "Drazic, Sinisa"]
[Result "1-0"]
[WhiteElo "2279"]
[BlackElo "2508"]
[PlyCount "149"]
[EventDate "2000.09.03"]

1.d4 Nf6 2.c4 e5 3.dxe5 Ng4 4.Nf3 Nc6 5.Bf4 Bb4+ 6.Nbd2 Qe7 7.e3 Ngxe5 8.
Be2 O-O 9.O-O Ng6 10.Bg3 Bd6 11.Bxd6 Qxd6 12.Ne4 Qe7 13.Nc3 d6 14.Nd5 Qd8 
15.Rc1 Be6 16.Qd2 a5 17.Rfd1 b6 18.b3 h6 19.a3 Qd7 20.Rc3 Rfe8 21.h3 Ra7 
22.Nh2 Qd8 23.Nf3 Kh8 24.Rcc1 Qd7 25.Qc3 Rea8 26.Nh2 Qd8 27.Nf3 Kg8 28.Bf1
Qc8 29.Bd3 Qd7 30.Qc2 Nge5 31.Nxe5 Nxe5 32.f4 Nxd3 33.Qxd3 Bxd5 34.cxd5 
Re8 35.e4 Qe7 36.Re1 Qf6 37.Qd2 Re7 38.Re2 Ra8 39.Rce1 Rae8 40.Kh1 g5 41.
g3 Qg6 42.Qd4 Qg7 43.Qxg7+ Kxg7 44.Kg2 Kf6 45.Kf3 h5 46.h4 gxh4 47.gxh4 
Rg8 48.Rg2 Rxg2 49.Kxg2 Re8 50.Re3 b5 51.Kf2 b4 52.a4 Rc8 53.Rg3 c5 54.
dxc6 Rxc6 55.Rg5 Rc3 56.Rxh5 Rxb3 57.Rxa5 Rh3 58.Rb5 b3 59.a5 Rxh4 60.Kg3 
Rh1 61.Rxb3 Ra1 62.Rb6 Rxa5 63.Rxd6+ Kg7 64.e5 Ra3+ 65.Kg4 Ra4 66.Kg5 Ra5 
67.Kf5 Ra4 68.Rd5 Kf8 69.Kg5 Kg7 70.f5 Re4 71.f6+ Kh7 72.Kf5 Re1 73.Rd4 
Rh1 74.Rg4 Kh8 75.Rg3 1-0